Veri nomi di pittori rinascimentali - Statistics

Statistiche generali
  • Questo quiz è stato fatto 134 volte
  • Il punteggio medio è 4 su 13
Statistiche sulle risposte
Nome vero Artista % Corretto
Michelangelo Merisi Caravaggio
96%
Jacopo Robusti Tintoretto
52%
Giorgio Zorzi da Castelfranco Giorgione
39%
Domínikos Theotokópoulos El Greco
35%
Paolo Caliari Veronese
27%
Antonio Allegri Correggio
24%
Giulio Pippi Giulio Romano
17%
Agnolo di Cosimo Bronzino
15%
Andrea di Pietro della Gondola Palladio
15%
Jacopo Carucci Pontormo
15%
Sebastiano Luciani Sebastiano del Piombo
15%
Giovanni Battista di Gasparre Rosso Fiorentino
9%
Andrea d'Agnolo Vannucchi Andrea del Sarto
6%
Nessun quiz corrispondente trovato
Distribuzione punteggi
Percentuale di utenti per punteggio
Percentile per numero di risposta
I tuoi punteggi nel tempo
Non hai fatto questo quiz